Engineering Mathematics Part A (Record no. 169703)

MARC details
000 -LEADER
fixed length control field 00452nam a2200181Ia 4500
008 - FIXED-LENGTH DATA ELEMENTS--GENERAL INFORMATION
fixed length control field 240823s9999||||xx |||||||||||||| ||und||
082 ## - DEWEY DECIMAL CLASSIFICATION NUMBER
-- 519 N2
100 ## - MAIN ENTRY--PERSONAL NAME
Personal name Venkatraman M K
245 #0 - TITLE STATEMENT
Title Engineering Mathematics Part A
250 ## - EDITION STATEMENT
Edition statement 9th
260 ## - PUBLICATION, DISTRIBUTION, ETC. (IMPRINT)
Date of publication, distribution, etc 1989
Name of publisher, distributor, etc "The National Pub,Madras"
500 ## - GENERAL NOTE
General note TRANSFERED
650 ## - SUBJECT ADDED ENTRY--TOPICAL TERM
Topical term or geographic name as entry element Engineering.Mathematics
942 ## - ADDED ENTRY ELEMENTS (KOHA)
Item type Books
Holdings
Withdrawn status Lost status Damaged status Permanent location Current location Shelving location Date acquired Source of acquisition Cost, normal purchase price Full call number Barcode Date last seen Koha item type
      CENTRAL LIBRARY, NOORUL ISLAM CENTRE FOR HIGHER EDUCATION CENTRAL LIBRARY, NOORUL ISLAM CENTRE FOR HIGHER EDUCATION   05/09/2003 Madras Book House 35.00 519 N2 24 08/23/2024 Books
Visitors:
Copyright © 2024 Central Library NICHE.  All rights reserved.